000 00763nas a2200265 4500
001 BR2012002754
003 BR-BrBNA
005 20231205120436.0
007 ta
008 230509b bl.|||p| |||| 00| 00por d
040 _aBR-BrBNA
_bpor
_cBiblioteca Nacional de Agricultura
041 _a(Pt)
072 _aF30
100 1 _aBacci Júnior, M.
245 1 _aMarcadores moleculares e eco-evolução de formigas e fungos
650 _aMARCADOR MOLECULAR
650 _aFORMIGA
650 _aSIMBIOSE
650 _aFUNGO
650 _aBASIDIOMICETES
650 _aACROMYRMEX MAYR
773 0 _tO Biológico (Brazil)
_xISSN 0366-0567
_g(Jul-Dec 1999), v. 61(2) p. 57-59
_wBR2012002754
909 _a202311
_bLúcia
_c55
_dLúcia Elande
942 _2AGRIS
_n0
_cANA
999 _c218514
_d218514